Basquetbol: metodología de la enseñanza
Gardado en:
| Autor Principal: | |
|---|---|
| Formato: | Libro |
| Idioma: | Lingua castelá |
| Publicado: |
Buenos Aires
Stadium
1988
|
| Edición: | 2a. ed |
| Subjects: | |
| Tags: |
Engadir etiqueta
Sen Etiquetas, Sexa o primeiro en etiquetar este rexistro!
|
MARC
| LEADER | 00000nam a2200000 a 4500 | ||
|---|---|---|---|
| 001 | UCW4048 | ||
| 003 | CL-VaPUC | ||
| 008 | 890802e19880000AG |||||||||||||||||spa|d | ||
| 082 | 0 | 4 | |a 796.323 |b DAI |2 21 |
| 100 | 0 | |a Daiuto, Moacyn |e author |9 308586 | |
| 245 | 1 | 0 | |a Basquetbol: metodología de la enseñanza |
| 250 | |a 2a. ed | ||
| 300 | |a 328 p | ||
| 942 | |c BK | ||
| 945 | |d 19890802 00:00:00 | ||
| 260 | |a Buenos Aires |b Stadium |c 1988 | ||
| 650 | 7 | |a BALONCESTO |2 CL-VaPUC |9 308587 | |
| 583 | |a last modification |c 19890802 00:00:00 |k Rodrigo Vera | ||
| 999 | |c 217875 |d 217873 | ||
| 952 | |0 0 |1 0 |4 0 |6 796_323000000000000_DAI_1988 |7 0 |8 P |9 206453 |a BIBEDU |b BIBEDU |c BIBEDU_PB |d 2019-11-15 |i 2742659 |o 796.323 DAI 1988 |p 2742659 |r 2024-01-25 |w 2019-11-15 |y BK |k EDU | ||